000 00608nam a2200181Ia 4500
008 151202s9999||||xx |||||||||||||| ||und||
082 _bPNVM-67018
100 _aअत्रे प्र.के.
245 _aकर्‍हेचे पाणी.
260 _b"परचुरे प्रकाशन मंदिर,मुबंई."
260 _c2004
300 _a403
600 _aअत्रे प्र.के.
630 _aकर्‍हेचे पाणी.
700 _aअत्रे प्र.के.
730 _aकर्‍हेचे पाणी.
942 _cBOOK
999 _c1333550
_d1333547